| 000 | 00777nam a22002297a 4500 | ||
|---|---|---|---|
| 999 |
_c17128 _d17128 |
||
| 003 | AR-CdUCM | ||
| 008 | 190307b ||||| |||| 00| 0 spa d | ||
| 040 |
_aMUNICIPALIDAD PROVINCIAL DEL CUSCO _cBIBLIOTECA MUNICIPAL DEL CUSCO |
||
| 041 | _heng | ||
| 082 |
_a301.15 / _bK61 |
||
| 100 |
_aKlein, Josephine _936985 |
||
| 245 | _aEstudios de los grupos / | ||
| 260 |
_aMéxico : _bFondo de la cultura económica ; _c1961. |
||
| 300 |
_a205 páginas ; _c25 cm. |
||
| 440 |
_nSección de obras de sociología _936986 |
||
| 505 | _aContenido : La realización de la tarea en los grupos -- Autoridad en el status -- Evolución de las normas... | ||
| 650 |
_aSociología _9276 |
||
| 650 |
_aPsicología _91538 |
||
| 650 |
_aSociedad _953 |
||
| 942 |
_2ddc _cLIBROS |
||
| 945 | _arcc | ||